|
|
|
|
| LEADER |
00789naa a2200193 i 4500 |
| 001 |
acta61505 |
| 005 |
20260224081030.0 |
| 008 |
190923s2017 hu o 100 hun d |
| 040 |
|
|
|a SZTE Egyetemi Kiadványok Repozitórium
|b hun
|
| 041 |
|
|
|a hun
|
| 100 |
1 |
|
|a Kiss Hedvig
|
| 245 |
1 |
0 |
|a Középiskolások és egyetemisták problémás internethasználata mint pedagógiai kihívás
|h [elektronikus dokumentum] /
|c Kiss Hedvig
|
| 260 |
|
|
|c 2017
|
| 300 |
|
|
|a 98
|
| 490 |
0 |
|
|a Pedagógiai Értékelési Konferencia
|v 15
|
| 695 |
|
|
|a Számítógép-hálózat - Internet - hatása - társadalmi - előadáskivonat
|
| 700 |
0 |
1 |
|a Pikó Bettina
|e aut
|
| 710 |
|
|
|a Pedagógiai Értékelési Konferencia (15.) (2017) (Szeged)
|
| 856 |
4 |
0 |
|u http://acta.bibl.u-szeged.hu/61505/1/pek_2017_098.pdf
|z Dokumentum-elérés
|